• AIU
  • Tony Wilmot Memorial Library

Education at the crossroads / (Record no. 35156)

MARC details
000 -LEADER
fixed length control field 00511nam a22001811a 4500
003 - CONTROL NUMBER IDENTIFIER
control field NEGST
005 - DATE AND TIME OF LATEST TRANSACTION
control field 20110718131909.0
008 - FIXED-LENGTH DATA ELEMENTS--GENERAL INFORMATION
fixed length control field 030714s1971 001 0 eng d
020 ## - INTERNATIONAL STANDARD BOOK NUMBER
International Standard Book Number 0300001630
100 1# - MAIN ENTRY--PERSONAL NAME
Personal name Martin, Jacques.
245 10 - TITLE STATEMENT
Title Education at the crossroads /
Statement of responsibility, etc Jacques Martin.
Medium [Text]
260 ## - PUBLICATION, DISTRIBUTION, ETC. (IMPRINT)
Place of publication, distribution, etc New Haven, London
Name of publisher, distributor, etc Yale University Press Inc.
Date of publication, distribution, etc 1971
300 ## - PHYSICAL DESCRIPTION
Extent 118p.
500 ## - GENERAL NOTE
General note Includes indexes.
590 ## - LOCAL NOTE (RLIN)
Local note Accession number: 20476
650 #0 - SUBJECT ADDED ENTRY--TOPICAL TERM
Topical term or geographic name as entry element Education
General subdivision Philosophy.
Holdings
Withdrawn status Lost status Source of classification or shelving scheme Damaged status Not for loan Collection code Home library Current library Shelving location Date acquired Cost, normal purchase price Total Checkouts Full call number Barcode Date last seen Copy number Price effective from Koha item type
    Library of Congress Classification     General Circulation AIU/NEGST - Tony Wilmot Memorial Library AIU/NEGST - Tony Wilmot Memorial Library General Stacks 01/12/2010 12.00   LB 775.M3565 1943 R06426W3232 09/02/2019 1 01/12/2010 Books